Eastern Utah Libraries Catalog: Duchesne, Heber, Roosevelt, & Vernal

Interpretations of love / (Record no. 401680)

MARC details
000 -LEADER
fixed length control field 03048pam a2200301 i 4500
001 - CONTROL NUMBER
control field 2024014594
003 - CONTROL NUMBER IDENTIFIER
control field DLC
005 - DATE AND TIME OF LATEST TRANSACTION
control field 20241105121509.0
008 - FIXED-LENGTH DATA ELEMENTS--GENERAL INFORMATION
fixed length control field 240408s2024 nyu 000 1 eng
010 ## - LIBRARY OF CONGRESS CONTROL NUMBER
LC control number 2024014594
020 ## - INTERNATIONAL STANDARD BOOK NUMBER
International Standard Book Number 9780802162885
Qualifying information (hardcover)
020 ## - INTERNATIONAL STANDARD BOOK NUMBER
Cancelled/invalid ISBN 9780802162892
Qualifying information (e-book)
040 ## - CATALOGING SOURCE
Original cataloging agency DLC
Language of cataloging eng
Description conventions rda
Transcribing agency DLC
Modifying agency TnLvILS
042 ## - AUTHENTICATION CODE
Authentication code pcc
092 ## - LOCALLY ASSIGNED DEWEY CALL NUMBER (OCLC)
Classification number adult fiction
Item number Campbell
100 1# - MAIN ENTRY--PERSONAL NAME
Personal name Campbell, Jane,
Dates associated with a name 1942-
Relator term author.
9 (RLIN) 6496167
245 10 - TITLE STATEMENT
Title Interpretations of love /
Statement of responsibility, etc Jane Campbell.
264 #1 - Production, Publication, Distribution, Manufacture, and Copyright Notice.
Place of production, publication, distribution, manufacture New York :
Name of producer, publisher, distributor, manufacturer Grove Press,
Date of production, publication, distribution, manufacture, or copyr 2024.
300 ## - PHYSICAL DESCRIPTION
Extent 240 pages ;
Dimensions 22 cm.
336 ## - Content Type
Content type term text
337 ## - Media type
Media type term unmediated
338 ## - Carrier type
Carrier type term volume
520 ## - SUMMARY, ETC.
Summary, etc "From the acclaimed author of the "trail-blazing" (Oprah Daily) collection of stories Cat Brushing comes a profound and entertaining debut novel about the ways we experience, perceive, and misunderstand love. When Jane Campbell published Cat Brushing in her eightieth year, the debut was lauded as an "excellent, pathbreaking collection" (New York Times Book Review). Blending unique insight with a wry sense of humor, Jane Campbell brought a fresh and much-needed perspective to a generation of women often overlooked. In her incisive debut novel, Interpretations of Love, she digs even deeper into the psyches and emotional barriers of a demographic shaped by war and by the social strictures of the twentieth century. It's the week of Dr. Agnes Stacey's only daughter's wedding, and each of the eleven attendees of the small family gathering is bringing their own simmering tensions to the event. Agnes's uncle, Professor Malcolm Miller, has harbored a family secret since her parents-his sister and brother-in-law-died in a car crash when she was a young girl. Dr. Joseph Bradshaw, who distantly married into the family, has nursed a secret obsession with Agnes since his brief stint as her therapist. Agnes herself will be returning to her ex-husband's home for the first time, just as she's trying to extricate herself from a potent love affair. Each of them has the tools to analyze the love lives of others, yet find themselves unable to recognize the love in their own lives. And though they've each muddled through painful years in emotional isolation, only Malcolm knows that the origins of their thwarted attachments all lie in the same English seaside town. Where better to lay bare the failures and secrets of one's advancing age than at an intimate celebration of love? In this utterly involving novel, Campbell parses the fraught inner lives of ordinary people doing their best to process the aftershocks of war, the parenting they do and don't receive, and the many different forms love can take in one family"--
650 #0 - SUBJECT ADDED ENTRY--TOPICAL TERM
Topical term or geographic name as entry element Families
Form subdivision Fiction.
9 (RLIN) 5674501
655 #7 - INDEX TERM--GENRE/FORM
Genre/form data or focus term Novels.
Source of term lcgft.
776 08 - ADDITIONAL PHYSICAL FORM ENTRY
Display text Online version:
Main entry heading Campbell, Jane, 1942-
Title Interpretations of love.
Edition First Grove Atlantic paperback edition
Place, publisher, and date of publication New York : Grove Press, 2024
International Standard Book Number 9780802162892
Record control number (DLC) 2024014595.
942 ## - ADDED ENTRY ELEMENTS (KOHA)
Source of classification or shelving scheme Dewey Decimal Classification
Koha item type BOOK
Holdings
Withdrawn status Lost status Source of classification or shelving scheme Damaged status Not for loan Collection code Home library Current library Shelving location Date acquired Source of acquisition Total Checkouts Total Renewals Full call number Barcode Date last seen Date checked out Cost, replacement price Price effective from Koha item type
    Dewey Decimal Classification     Fiction Wasatch County Library Wasatch County Library First Floor 11/05/2024 Donation 4 1 F Campbell 34301002136291 01/28/2025 01/21/2025 28.00 11/05/2024 BOOK
This project was made possible through a grant from the Institute of Museum and Library Service administered by the Utah State Library Division.

Wasatch County Library

  • 465 East 1200 South, Heber City, Utah 84032
  • Phone 435-654-1511 | Fax 435-654-6456

Hours

  • Monday - Friday 9:30 AM - 8:00 PM
  • Saturday 9:30 AM - 1:30 PM
  • Closed Sundays and Holidays